Đổi mới, nâng cao chất lượng công tác thi, kiểm tra các môn KHXH & NV ở các trường ĐH,CĐ hiện nay /

Na minha lista:
Detalhes bibliográficos
Autor principal: Nguyễn Xuân Đại.
Outros Autores: Bùi Văn Mạnh.
Formato: Atigo
Idioma:Vietnamese
Assuntos:
Tags: Adicionar Tag
Sem tags, seja o primeiro a adicionar uma tag!
Thư viện lưu trữ: Thư viện Trường Đại học Đà Lạt
LEADER 00896nam a2200277 4500
001 DLU120142887
005 ##20121023
040 # # |a DLU  |b vie 
041 # # |a vie 
044 # # |a vn 
100 # # |a Nguyễn Xuân Đại. 
245 # # |a Đổi mới, nâng cao chất lượng công tác thi, kiểm tra các môn KHXH & NV ở các trường ĐH,CĐ hiện nay /  |c Nguyễn Xuân Đại, Bùi Văn Mạnh. 
653 # # |a Kiến thức 
653 # # |a Phương pháp dạy học 
653 # # |a Quản lí giáo dục 
700 # # |a Bùi Văn Mạnh. 
773 # # |t Dạy và học ngày nay  |g Số 12, 2010, tr. 19-20 
920 # # |a Phòng Tạp chí -- Trung tâm Thông tin - Thư viện Trường Đại học Đà Lạt 
994 # # |a DLU 
900 # # |a True 
911 # # |a Nguyễn Thị Linh Chi 
925 # # |a G 
926 # # |a A 
927 # # |a BB 
980 # # |a Thư viện Trường Đại học Đà Lạt